| 000 | 00677cam a2200193 i 4500 | ||
|---|---|---|---|
| 005 | 20251108164041.0 | ||
| 008 | 250721s1996 le gr 000 0 ara d | ||
| 082 | 1 | 4 |
_a150 _bك ا م |
| 100 | 1 |
_aعويضه، كامل محمد محمد _eمعد. |
|
| 245 | 1 | 0 |
_aمدخل إلى علم النفس / _cإعداد كامل محمد محمد عويضة. |
| 250 | _aالطبعة الاولى. | ||
| 264 | 1 |
_aبيروت : _bدار الكتب العلمية، _c1996. |
|
| 300 | _a228 صفحة. | ||
| 490 | 0 |
_aسلسلة علم النفس ؛ _vرقم2 |
|
| 650 | 1 | 7 | _aعلم النفس. |
| 830 | 0 | _aسلسلة علم النفس. | |
| 942 |
_2ddc _cBK |
||
| 999 |
_c2375 _d2375 |
||